Score 0/30 Timer 03:00
1 Play Today
% Correct
Emma
88.3%
Ed
87.6%
Exclamation
84.1%
Equator
82.4%
Esmeralda
82.1%
Executive
80.9%
Eel
80.3%
Evita
79.2%
Energy
77.4%
Emir
75.9%
Emerald
75%
Easter
74.8%
Ellen
73.7%
Elephant
73%
Ecuador
70.7%
% Correct
Evel
67.5%
Estonia
66.2%
Eric
65.7%
Eminem
64.4%
Earth
62.4%
Emerson
62.3%
Evil
60.3%
Eagle
54.8%
Eliot
54.7%
Ensign
52%
Economist
51.8%
Eritrea
49.7%
Elementary
43.3%
Eragon
40.6%
Elastica
18%
Remove Ads.
Support Sporcle.
Get the best of Sporcle when you Go Orange. This ad-free experience offers more features, more stats, and more fun while also helping to support Sporcle. Thank you for becoming a member.

You're not logged in!

Compare scores with friends on all Sporcle quizzes.
OR
Log In

Sporcle TV

Today on Sporcle TV


Watch our educational content, quiz creation guides, and fun videos on Sporcle TV.

Show Comments

Extras

Top Quizzes Today


Score Distribution

Paid Content

Your Account Isn't Verified!

In order to create a playlist on Sporcle, you need to verify the email address you used during registration. Go to your Sporcle Settings to finish the process.

Report this User

Report this user for behavior that violates our Community Guidelines.

Details: